000 00859nas a2200289 4500
001 BR2012001768
003 BR-BrBNA
005 20231205120256.0
007 ta
008 230509b bl.|||p| |||| 00| 00por d
040 _aBR-BrBNA
_bpor
_cBiblioteca Nacional de Agricultura
041 _a(Pt)
072 _aF03
100 1 _aAraújo, R.F.
100 1 _aAraújo, E.F.
100 1 _aZonta, J.B.
100 1 _aVieira, R.F.
100 1 _aDonzeles, S.M.L.
245 1 _aFluxograma de beneficiamento para sementes de feijão-mungo-verde (Vigna radiata L.)
650 _aFEIJÃO MUNGO
650 _aSEMENTE
650 _aQUALIDADE
650 _aGERMINAÇÃO
773 0 _tRevista Brasileira de Sementes (Brazil)
_xISSN 0101-3122
_g(Sep 2011), v. 33(3) p. 387-394
_wBR2012001768
909 _a202311
_bLúcia
_c55
_dLúcia Elande
942 _2AGRIS
_n0
_cANA
999 _c217708
_d217708